| 000 | 00318 a2200133 4500 | ||
|---|---|---|---|
| 001 | 89911 | ||
| 082 | _a793.73 SUD | ||
| 090 |
_c42372 _d42372 |
||
| 100 | _aSudoku | ||
| 245 |
_aBumper book of Sudoku _hGames Book |
||
| 260 |
_aNew Delhi _bGoodwill Publishing house _c2012 |
||
| 300 | _a240p. | ||
| 500 | _aGames Book | ||
| 942 |
_aCAE NUST _k793.73 SUD |
||
| 999 |
_c324984 _d324984 |
||